Quick Pick: Movies en Français Quiz Stats

 Plays Quiz Updated Nov 16, 2017

Score 0/12 Timer 01:30
2 Plays Today
% Correct
Il faut sauver le soldat Ryan
95.7%
Le Bon, la Brute et le Truand
94.7%
Un tramway nommé Désir
93.1%
Retour vers le futur
91.1%
Le silence des agneaux
91%
Le chevalier noir
90.8%
La mélodie du bonheur
87.9%
Autant en emporte le vent
83.3%
Les aventuriers de l'arche perdue
82.9%
Le parrain
81.1%
Le seigneur des anneaux
76.7%
Les évadés
59.4%

Today's Daily Dose

You're not logged in!

Compare scores with friends on all Sporcle quizzes.
OR
Log In

Show Comments

Extras

Top Quizzes Today


Score Distribution

Your Account Isn't Verified!

In order to create a playlist on Sporcle, you need to verify the email address you used during registration. Go to your Sporcle Settings to finish the process.

Report this User

Report this user for behavior that violates our Community Guidelines.

Details: